<?xml version="1.0" encoding="UTF-8"?>
<record
    xmlns:xsi="http://www.w3.org/2001/XMLSchema-instance"
    xsi:schemaLocation="http://www.loc.gov/MARC21/slim http://www.loc.gov/standards/marcxml/schema/MARC21slim.xsd"
    xmlns="http://www.loc.gov/MARC21/slim">

  <leader>00264nam a22001217a 4500</leader>
  <datafield tag="040" ind1=" " ind2=" ">
    <subfield code="c">SY</subfield>
  </datafield>
  <datafield tag="082" ind1=" " ind2=" ">
    <subfield code="a">632</subfield>
  </datafield>
  <datafield tag="100" ind1=" " ind2=" ">
    <subfield code="a">LINA  L. IIag</subfield>
  </datafield>
  <datafield tag="245" ind1=" " ind2=" ">
    <subfield code="a">Learning the principles of plant pathology</subfield>
  </datafield>
  <datafield tag="260" ind1=" " ind2=" ">
    <subfield code="a">UPLB</subfield>
    <subfield code="b">LINA  L. IIag</subfield>
    <subfield code="c">2002</subfield>
  </datafield>
  <datafield tag="300" ind1=" " ind2=" ">
    <subfield code="a">267P.</subfield>
  </datafield>
  <datafield tag="942" ind1=" " ind2=" ">
    <subfield code="c">EK</subfield>
  </datafield>
  <datafield tag="999" ind1=" " ind2=" ">
    <subfield code="c">8808</subfield>
    <subfield code="d">8808</subfield>
  </datafield>
  <datafield tag="952" ind1=" " ind2=" ">
    <subfield code="0">0</subfield>
    <subfield code="1">0</subfield>
    <subfield code="4">0</subfield>
    <subfield code="6">632_000000000000000_LIN_2002_C258</subfield>
    <subfield code="7">0</subfield>
    <subfield code="9">49768</subfield>
    <subfield code="a">LBC</subfield>
    <subfield code="b">LBC</subfield>
    <subfield code="c">C258</subfield>
    <subfield code="d">2016-08-16</subfield>
    <subfield code="o">632 LIN 2002 C258</subfield>
    <subfield code="p">RUA045998</subfield>
    <subfield code="r">2016-08-16</subfield>
    <subfield code="y">EK</subfield>
  </datafield>
  <datafield tag="952" ind1=" " ind2=" ">
    <subfield code="0">0</subfield>
    <subfield code="1">0</subfield>
    <subfield code="4">0</subfield>
    <subfield code="6">632_000000000000000_LIN_2002_C258</subfield>
    <subfield code="7">0</subfield>
    <subfield code="9">49769</subfield>
    <subfield code="a">LBC</subfield>
    <subfield code="b">LBC</subfield>
    <subfield code="c">C258</subfield>
    <subfield code="d">2016-08-16</subfield>
    <subfield code="o">632 LIN 2002 C258</subfield>
    <subfield code="p">RUA045485</subfield>
    <subfield code="r">2016-08-16</subfield>
    <subfield code="y">EK</subfield>
  </datafield>
  <datafield tag="952" ind1=" " ind2=" ">
    <subfield code="0">0</subfield>
    <subfield code="1">0</subfield>
    <subfield code="4">0</subfield>
    <subfield code="6">632_000000000000000_LIN_2002_C233</subfield>
    <subfield code="7">0</subfield>
    <subfield code="9">52913</subfield>
    <subfield code="a">LBC</subfield>
    <subfield code="b">LBC</subfield>
    <subfield code="d">2016-10-05</subfield>
    <subfield code="o">632 LIN 2002 C233</subfield>
    <subfield code="p">RUA045620</subfield>
    <subfield code="r">2016-10-05</subfield>
    <subfield code="y">EK</subfield>
  </datafield>
</record>
